000 01048nam a2200241 4500
003 vecauma
005 20260410175833.0
007 ta
008 260410b ve ||||| |||| 00| 0 spa d
020 _a9687529601
040 _avecauma
_bspa
_cvecauma
_dvecauma
_erda
041 _aspa
100 1 _eautor
245 1 _aCálculo
_bConceptos y contextos
_c/ James Stewart
264 _aEspaña:
_bInternacional Thomson editores;
_c1999.
300 _a991 páginas.
336 _atexto
_btxt
_2rdacontenido
337 _ano mediado
_bn
_2rdamedio
338 _avolumen
_bnc
_2rdasoporte
505 0 _aFunciones y modelos / Límites y derivadas / Reglas de derivación / Aplicaciones de la derivación / Integrales / Aplicaciones de la integración / Ecuaciones diferenciales / Sucesiones y series infinitas / Vectores y geometría del espacio / Funciones vectoriales / Derivadas parciales / Integrales múltiples / Cálculo vectorial / Apéndices / Índice /
942 1 _2lcc
_n0
_cBK
999 _c13346
_d13346